| 000 | 00507nam a2200193 u 4500 | ||
|---|---|---|---|
| 005 | 20230803063536.0 | ||
| 008 | 100930s2008 r 000 0 eng d | ||
| 020 | _a9789707322387 | ||
| 035 | _aUPN01000177973 | ||
| 049 | _aCG | ||
| 050 | 4 |
_aPN6222 M4 _bL5.2 |
|
| 245 | 0 | 3 | _aEl libro de los datos inútiles. |
| 260 |
_aMéxico : _bLectorum, _c2008. |
||
| 300 |
_a187 p. : _bil. |
||
| 440 | 0 | _aAlgarabía | |
| 650 | 2 |
_aHUMORISMO Y AGUDEZAS _93034 |
|
| 650 | 4 |
_aESPAÑOL - _xJERGA _918955 |
|
| 905 | _aLibro | ||
| 999 |
_c150076 _d150076 |
||